Physical Phamacy (Record no. 6162)

MARC details
000 -LEADER
fixed length control field 00515nam a22002057a 4500
003 - CONTROL NUMBER IDENTIFIER
control field OSt
005 - DATE AND TIME OF LATEST TRANSACTION
control field 20181005141128.0
008 - FIXED-LENGTH DATA ELEMENTS--GENERAL INFORMATION
fixed length control field 181005b xxu||||| |||| 00| 0 eng d
020 ## - INTERNATIONAL STANDARD BOOK NUMBER
International Standard Book Number 8185790019
040 ## - CATALOGING SOURCE
Transcribing agency DNLM
082 ## - DEWEY DECIMAL CLASSIFICATION NUMBER
Classification number QV744 H117p 2007
100 ## - MAIN ENTRY--PERSONAL NAME
Personal name Hadkar, U. B.
9 (RLIN) 12573
245 ## - TITLE STATEMENT
Title Physical Phamacy
250 ## - EDITION STATEMENT
Edition statement 8th ed.
260 ## - PUBLICATION, DISTRIBUTION, ETC. (IMPRINT)
Place of publication, distribution, etc. Medinova; Nirali Prakashan, 2007
300 ## - PHYSICAL DESCRIPTION
Extent 318p; ill: 24cm
504 ## - BIBLIOGRAPHY, ETC. NOTE
Bibliography, etc Appendix, & index included
650 ## - SUBJECT ADDED ENTRY--TOPICAL TERM
Topical term or geographic name as entry element Physical pharmacy
9 (RLIN) 5649
942 ## - ADDED ENTRY ELEMENTS (KOHA)
Source of classification or shelving scheme Other/Generic Classification Scheme
Koha item type Short Loan
Holdings
Withdrawn status Lost status Source of classification or shelving scheme Damaged status Not for loan Home library Current library Date acquired Source of acquisition Inventory number Total Checkouts Full call number Barcode Date last seen Koha item type
    Other/Generic Classification Scheme     Pharmacy Department Library Pharmacy Department Library 05/10/2018   11/00203   QV744 H117p 2007 2018-0378 05/10/2018 Short Loan
    Other/Generic Classification Scheme     Pharmacy Department Library Pharmacy Department Library 05/10/2018   11/00204   QV744 H117p 2007 2018-0379 05/10/2018 Short Loan
    Other/Generic Classification Scheme     Pharmacy Department Library Pharmacy Department Library 05/10/2018   11/00205   QV744 H117p 2007 2018-0380 05/10/2018 Short Loan